Rural property planning : (Record no. 777)
[ view plain ]
| 000 -LEADER | |
|---|---|
| fixed length control field | 00480cam a22001574a 4500 |
| 020 ## - INTERNATIONAL STANDARD BOOK NUMBER | |
| ISBN | 0750689382 |
| 050 00 - CALL NUMBER | |
| Classification number | S562.A78 |
| Item number | R53 |
| 100 1# - AUTHOR | |
| Personal name | Richardson, Jim |
| 245 10 - TITLE | |
| Title | Rural property planning : |
| Remainder of title | the farm as a business / |
| Statement of responsibility, etc | Jim Richardson. |
| 260 ## - PUBLICATION INFORMATION | |
| Place of publication | Port Melbourne : |
| Name of publisher | Inkata Press ; |
| Place of publication | Australia : |
| Name of publisher | Reed Interantional Books, |
| Year of publication | c1996. |
| 300 ## - DESCRIPTION | |
| Number of Pages | 127 p. : |
| Other physical details | ill. ; |
| Dimensions | 25 cm. |
| 440 #0 - SERIES | |
| SERIES | Practical farming |
| 500 ## - NOTES | |
| General note | includes index |
| 650 #0 - SUBJECTS | |
| Topical Term | Farm management |
| 942 ## - ADDED ENTRY ELEMENTS (KOHA) | |
| Koha item type | Books |
| Withdrawn status | Lost status | Home library | Current library | Date acquired | Full call number | Accession Number | Koha item type |
|---|---|---|---|---|---|---|---|
| Methodist University Library Wenchi Faculty | Methodist University Library Wenchi Faculty | 13/11/2017 | S562.A78 R53 | 32642 | Books |